| 000 | 00841nas a2200253 4500 | ||
|---|---|---|---|
| 001 | BR8401809 | ||
| 003 | BR-BrBNA | ||
| 005 | 20231205085857.0 | ||
| 007 | ta | ||
| 008 | 230509b bl.|||p| |||| 00| 00por d | ||
| 040 |
_aBR-BrBNA _bpor _cBiblioteca Nacional de Agricultura |
||
| 041 | _a(Pt) | ||
| 072 | _aF28; F22 | ||
| 100 | 1 | _aFreire, W.J. | |
| 245 | 1 | _aAvaliacao do potencial de erodibilidade de um solo tratado com aditivos quimicos | |
| 246 | 1 | _aEvaluation of the erodibility potential of a soil treated with chemical additives | |
| 650 | _aEROSAO DO SOLO | ||
| 650 | _aANALISE QUIMICA | ||
| 650 | _aGRANULOMETRIA | ||
| 650 | _aCOMPACTACAO DO SOLO | ||
| 773 | 0 |
_tRevista de Agricultura (Brazil) _xISSN 0034-7655 _g(Mar 1984), v. 59(1) p. 35-47 _wBR8401809 |
|
| 909 |
_a202311 _bLúcia _c55 _dLúcia Elande |
||
| 942 |
_2AGRIS _n0 _cANA |
||
| 999 |
_c114471 _d114471 |
||